Quick math quiz only a short quiz 3 - Statistics

General Stats
  • This quiz has been taken 28 times
  • The average score is 18 of 20
Answer Stats
Hint Answer % Correct
1 x 1 = 1
100%
10 x 10 = 100
100%
4 x 4 = 16
100%
5 x 5 = 25
100%
6 x 6 = 36
100%
2 x 2 = 4
100%
7 x 7 = 49
100%
3 x 3 = 9
100%
11 x 11 = 121
96%
12 x 12 = 144
96%
8 x 8 = 64
96%
9 x 9 = 81
96%
13 x 13 = 169
92%
14 x 14 = 196
92%
15 x 15 = 225
92%
20 x 20 = 400
88%
16 x 16 = 256
80%
17 x 17 = 289
72%
18 x 18 = 324
72%
19 x 19 = 361
72%
No matching quizzes found
Score Distribution
Percent of People with Each Score
Percentile by Number Answered
Your Score History
You have not taken this quiz